000 00502nam a22001577a 4500
999 _c535682
_d535682
020 _qHard Cover.
082 _a620.0011
100 _aNawaz, Asad
245 _aDesign of a Repetitve Controller for Matrix Converter /
_cAsad Nawaz.
260 _aIslamabad :
_bUSPCASE -NUST
_c2016.
300 _av, 56 p. ill. ;
_c30cm.
942 _2ddc
_cTHE
650 _aEnergy Systems Engineering MS-Thesis
_928880
700 _aDr. Muhamamd Zubair.
_930439